000 00318nam a2200133 i 4500
001 bg
100 1 _aNOWORYTKA, Eugeniusz
245 0 _aChilijskie doświadczenia /
_cEugeniusz Noworytka.
260 _aWarszawa,
_c1977.
040 _cBPK
041 _apol
942 _cKS
008 s pl f |000 0 pol
999 _c17697
_d17697
856 _uhttp://koha.tu.koszalin.pl/cgi-bin/koha/opac-detail.pl?biblionumber=17697
_yKatalog online BPK